POUŽITIE RASTLINNÝCH TUKOV A OLEJOV PRI VYPRÁŽANÍ

Bibliographic Details
Main Author: Schmidt, Štefan, 1951- (Author)
Format: Article
Language:Slovak

MARC

LEADER 00000nab a2200000 a 4500
001 vtls011731310
003 SK-MaSNL
005 20260303112953.0
008 230121|1968 xo |||||||||||||||||slo
015 |a SNBRB 
035 |a (urnnbn)urn:nbn:sk:snk:ar-a05zu0 
035 |a urn:nbn:sk:snk-abf90o 
035 |a (uuid)7aa6fa58-4753-45a7-bad6-105a527771e3 
040 |a SNKBUCL  |b slo  |c SNKBUCL  |e AACR2 
041 0 |a slo 
044 |a xo  |c SK 
100 1 |a Schmidt, Štefan,  |d 1951-  |4 aut  |9 199909 
245 1 0 |a POUŽITIE RASTLINNÝCH TUKOV A OLEJOV PRI VYPRÁŽANÍ  |c Štefan Schmidt 
773 0 |t Výživa a zdravie : časopis pre výživu a zdravý životný štýl  |g Roč. 13, č. 12 (1968), s. 274-275 
954 |a odborná, vedecká literatúra pôvodná (slovenská)  |2 lita 
958 |a OND 
958 |a EUIPO 
958 |a article24 
999 |c 1889130  |d 1891060